00581nam a22001817a 450000500170000001000150001702000270003203500140005903700130007308200080008610000280009424500960012226000630021827000390028130000210032070000270034171000310036820240402155652.0 aENG-139726 a9788119625970c1200.00 aEN-123258 bDBAD/PUB a954 aDharmadhikari, Avinash  a75 Golden Pages:bShining Stars Of Indian History After Freedom/cBy Avinash Dharmadhikari  aPune bDileep Majgaonkr Rajhans Prakashan Pvt. Ltd. c2023 a1025,Sadashiv Peth bPune e411030 a456p.c24cm(pbk) aAvinash Dharmadhikari  aKapil Kelkare Translateor